00597 a2200157 4500003000500000038000600005082001200011100002600023245012100049260008200170300004300252500006400295563000600359700001700365856005700382NUST aa aBICSE-1 aA. D. Usama Bin Najam aDesign and Simulation of Multi-User Detection in DS-CDMA Communication SystemscA. D. Usama Bin Najam & Haroon Umar. aIsalamabad,bNUST School of Electrical Engineering & Computer Science,c2007. axii, 94 p. :bill. ;c27 cm. +eCD-ROM aSupervisors : Dr. N D Gohar, Wg. Cdr. (R) Muhammad Ramzan. aa aHaroon Umar. uhttp://10.250.8.41:8080/xmlui/handle/123456789/10974